Countries of the World in Faroese - Statistics

General Stats
  • This quiz has been taken 65 times
  • The average score is 19 of 24
Answer Stats
Hint Answer % Correct
Írland Ireland
100%
Pólland Poland
100%
Noreg Norway
98%
Kýpros Cyprus
96%
Svøríki Sweden
96%
Mosambik Mozambique
95%
Sambandsríki Amerika United States of America
95%
Uruguei Uruguay
95%
Dominikanalýðveldið Dominican Republic
91%
Sankta Kristoffur og Nevis St. Kitts and Nevis
89%
Niðurland Netherlands
87%
Simbabvi Zimbabwe
85%
Hvítarussland Belarus
80%
Týskland Germany
78%
Lettland Latvia
76%
Kili Chile
71%
Komoroyggyar Comoros
71%
Miðafrikalýðveldið Central African Republic
69%
Nýsæland New Zealand
67%
Sameindu Emirríkini United Arab Emirates
56%
Eysturríki Austria
55%
Lýðveldið Kina Taiwan
51%
Fílabeinsstrondin Ivory Coast
36%
Grønhøvdaoyggjar Cape Verde
18%
No matching quizzes found
Score Distribution
Percent of People with Each Score
Percentile by Number Answered
Your Score History
You have not taken this quiz